000 00325nam a22001457a 4500
008 211019b ||||| |||| 00| 0 eng d
020 _a2900073379455
041 _aeng
080 _29th
_a330.722.6
082 _a330.722.6
100 _a61
101 _aKF
245 _aAdvanced Accounting
_cHoyle,J.B
942 _2udc
_cBK
999 _c58279
_d58279